000 00700nam a2200253Ia 4500
003 OSt
005 20221007102536.0
006 a|||||r|||| 00| 0
007 ta
008 221006b |||||||| |||| 00| 0 eng d
020 _a0195674758
024 _a10,624
037 _cReference Collections
040 _aLCO
_cLCO
_beng
041 _2eng
_aeng
082 _aY15wN10, P6
100 _aChatterjee G.
_9704629
245 0 _aI, Durga Khote
_b Autobiography
260 _aNew
_bDelhi Oxford University press India
_c2006
300 _a193
650 _aAutobiography
_9670855
942 _hY15wN10, P6
_cREF
999 _c1180187
_d1180187